| 000 | 01263nam a2200289 4500 | ||
|---|---|---|---|
| 001 | 113630 | ||
| 003 | DR-UNIBE | ||
| 005 | 20250514114550.0 | ||
| 008 | 250514b2006 dr ||||| |||| 00| 0 spa d | ||
| 040 |
_aBIBLIOTECA UNIBE _bspa _cBIBLIOTECA UNIBE |
||
| 041 | _aspa | ||
| 082 |
_222 _aRD 345.729305 P861f |
||
| 100 |
_aPotentini Adames, Trajano Vidal, _d1968- _eautor _9195336 |
||
| 245 | 1 | 0 |
_aFormularios anotados y nueva jurisprudencia procesal penal : _bincluye principios fundamentales razonados y vocabulario jurídico concordado / _cTrajano Vidal Potentini Adames |
| 250 | _aPrimera edición | ||
| 260 |
_aSanto Domingo : _bLibrería Jurídica Virtual : _bEdiciones Jurídicas Trajano Potentini, _c2006 |
||
| 300 |
_axxx, 699 páginas ; _c24 cm |
||
| 504 | _aIncluye referencias bibliográficas (páginas: 695-699) | ||
| 650 | 7 |
_2lemb _aProcedimiento penal _zRepública Dominicana _vFormularios _9195346 |
|
| 650 | 7 |
_2lemb _aFormularios judiciales |
|
| 650 | 7 |
_2lemb _aFormularios legales _921651 |
|
| 650 | 7 |
_2lemb _aJurisprudencia procesal |
|
| 650 | 7 |
_2lemb _aDerecho penal _zRepública Dominicana _915664 |
|
| 700 | 1 |
_aLeger Carrasco, Francisco _epresentación _9195338 |
|
| 700 | 1 |
_aGlass Gutiérrez, José Manuel _9195339 _eprologuista |
|
| 942 |
_2ddc _cBK |
||
| 999 |
_c113630 _d113630 |
||